<?xml version="1.0" encoding="UTF-8"?>
<record
    xmlns:xsi="http://www.w3.org/2001/XMLSchema-instance"
    xsi:schemaLocation="http://www.loc.gov/MARC21/slim http://www.loc.gov/standards/marcxml/schema/MARC21slim.xsd"
    xmlns="http://www.loc.gov/MARC21/slim">

  <leader>00614nam a22001337a 4500</leader>
  <datafield tag="040" ind1=" " ind2=" ">
    <subfield code="c">RUA</subfield>
  </datafield>
  <datafield tag="082" ind1=" " ind2=" ">
    <subfield code="a">AGR SAL 2020 B1.598 Or.</subfield>
  </datafield>
  <datafield tag="100" ind1=" " ind2=" ">
    <subfield code="a">SAL CHANRA &#x179F;&#x179B;&#x17CB;&#x200B; &#x1785;&#x17B6;&#x1793;&#x17CB;&#x179A;&#x17C9;&#x17B6;</subfield>
  </datafield>
  <datafield tag="245" ind1=" " ind2=" ">
    <subfield code="a">EFFECTIVE OF CORN POWDER RATES IN SAWDUST TO THE GROWTH OF OYSTER MUSHROOM. &#x1794;&#x17D2;&#x179A;&#x179F;&#x17B7;&#x1791;&#x17D2;&#x1792;&#x1797;&#x17B6;&#x1796;&#x1798;&#x17D2;&#x179F;&#x17C5;&#x1796;&#x17C4;&#x178F;&#x179B;&#x17B6;&#x1799;&#x1787;&#x17B6;&#x1798;&#x17BD;&#x1799;&#x17A2;&#x17B6;&#x1785;&#x1798;&#x17CD;&#x179A;&#x178E;&#x17B6;&#x179B;&#x17BE;&#x178A;&#x17C6;&#x178E;&#x17B6;&#x17C6;&#x1795;&#x17D2;&#x179F;&#x17B7;&#x178F;&#x17A2;&#x17C6;&#x1794;&#x17C4;&#x17C7;</subfield>
  </datafield>
  <datafield tag="260" ind1=" " ind2=" ">
    <subfield code="a">Phnom Penh</subfield>
    <subfield code="b">RUA</subfield>
    <subfield code="c">2020</subfield>
  </datafield>
  <datafield tag="300" ind1=" " ind2=" ">
    <subfield code="a">X.33P</subfield>
    <subfield code="b">VII.</subfield>
    <subfield code="c">29CM</subfield>
  </datafield>
  <datafield tag="856" ind1=" " ind2=" ">
    <subfield code="u">https://drive.google.com/file/d/1HgtJOQefNY8nUXBYbopwGxsEXLR8Ap7P/view?usp=sharing</subfield>
  </datafield>
  <datafield tag="942" ind1=" " ind2=" ">
    <subfield code="c">AGR</subfield>
  </datafield>
  <datafield tag="999" ind1=" " ind2=" ">
    <subfield code="c">21586</subfield>
    <subfield code="d">21586</subfield>
  </datafield>
  <datafield tag="952" ind1=" " ind2=" ">
    <subfield code="0">0</subfield>
    <subfield code="1">0</subfield>
    <subfield code="2">ddc</subfield>
    <subfield code="4">0</subfield>
    <subfield code="6">AGR_SAL_2020_000000000000000_B1_598_OR</subfield>
    <subfield code="7">0</subfield>
    <subfield code="9">93606</subfield>
    <subfield code="a">LBB</subfield>
    <subfield code="b">LBB</subfield>
    <subfield code="c">B1.598</subfield>
    <subfield code="d">2023-08-04</subfield>
    <subfield code="o">AGR SAL 2020 B1.598 Or.</subfield>
    <subfield code="p">a074283</subfield>
    <subfield code="r">2023-08-04</subfield>
    <subfield code="w">2023-08-04</subfield>
    <subfield code="y">AGR</subfield>
  </datafield>
  <datafield tag="952" ind1=" " ind2=" ">
    <subfield code="0">0</subfield>
    <subfield code="1">0</subfield>
    <subfield code="2">ddc</subfield>
    <subfield code="4">0</subfield>
    <subfield code="6">AGR_SAL_2020_000000000000000_B1_598_OR</subfield>
    <subfield code="7">0</subfield>
    <subfield code="9">93607</subfield>
    <subfield code="a">LBB</subfield>
    <subfield code="b">LBB</subfield>
    <subfield code="c">B1.598</subfield>
    <subfield code="d">2023-08-04</subfield>
    <subfield code="o">AGR SAL 2020 B1.598 Or.</subfield>
    <subfield code="p">a074279</subfield>
    <subfield code="r">2023-08-04</subfield>
    <subfield code="w">2023-08-04</subfield>
    <subfield code="y">AGR</subfield>
  </datafield>
  <datafield tag="952" ind1=" " ind2=" ">
    <subfield code="0">0</subfield>
    <subfield code="1">0</subfield>
    <subfield code="2">ddc</subfield>
    <subfield code="4">0</subfield>
    <subfield code="6">AGR_SAL_2020_000000000000000_B1_598_OR</subfield>
    <subfield code="7">0</subfield>
    <subfield code="9">93608</subfield>
    <subfield code="a">LBB</subfield>
    <subfield code="b">LBB</subfield>
    <subfield code="c">B1.598</subfield>
    <subfield code="d">2023-08-04</subfield>
    <subfield code="o">AGR SAL 2020 B1.598 Or.</subfield>
    <subfield code="p">a074275</subfield>
    <subfield code="r">2023-08-04</subfield>
    <subfield code="w">2023-08-04</subfield>
    <subfield code="y">AGR</subfield>
  </datafield>
  <datafield tag="952" ind1=" " ind2=" ">
    <subfield code="0">0</subfield>
    <subfield code="1">0</subfield>
    <subfield code="2">ddc</subfield>
    <subfield code="4">0</subfield>
    <subfield code="6">AGR_SAL_2020_000000000000000_B1_598_OR</subfield>
    <subfield code="7">0</subfield>
    <subfield code="9">93609</subfield>
    <subfield code="a">LBB</subfield>
    <subfield code="b">LBB</subfield>
    <subfield code="c">B1.598</subfield>
    <subfield code="d">2023-08-04</subfield>
    <subfield code="o">AGR SAL 2020 B1.598 Or.</subfield>
    <subfield code="p">a074267</subfield>
    <subfield code="r">2023-08-04</subfield>
    <subfield code="w">2023-08-04</subfield>
    <subfield code="y">AGR</subfield>
  </datafield>
  <datafield tag="952" ind1=" " ind2=" ">
    <subfield code="0">0</subfield>
    <subfield code="1">0</subfield>
    <subfield code="2">ddc</subfield>
    <subfield code="4">0</subfield>
    <subfield code="6">AGR_SAL_2020_000000000000000_B1_598_OR</subfield>
    <subfield code="7">0</subfield>
    <subfield code="9">93610</subfield>
    <subfield code="a">LBB</subfield>
    <subfield code="b">LBB</subfield>
    <subfield code="c">B1.598</subfield>
    <subfield code="d">2023-08-04</subfield>
    <subfield code="o">AGR SAL 2020 B1.598 Or.</subfield>
    <subfield code="p">a074287</subfield>
    <subfield code="r">2023-08-04</subfield>
    <subfield code="w">2023-08-04</subfield>
    <subfield code="y">AGR</subfield>
  </datafield>
  <datafield tag="952" ind1=" " ind2=" ">
    <subfield code="0">0</subfield>
    <subfield code="1">0</subfield>
    <subfield code="2">ddc</subfield>
    <subfield code="4">0</subfield>
    <subfield code="6">AGR_SAL_2020_000000000000000_B1_598_OR</subfield>
    <subfield code="7">0</subfield>
    <subfield code="9">93611</subfield>
    <subfield code="a">LBB</subfield>
    <subfield code="b">LBB</subfield>
    <subfield code="c">B1.598</subfield>
    <subfield code="d">2023-08-04</subfield>
    <subfield code="o">AGR SAL 2020 B1.598 Or.</subfield>
    <subfield code="p">a074376</subfield>
    <subfield code="r">2023-08-04</subfield>
    <subfield code="w">2023-08-04</subfield>
    <subfield code="y">AGR</subfield>
  </datafield>
</record>
